Actitud : (Registro nro. 40018)
[ vista simple ]
| 000 -CABECERA | |
|---|---|
| campo de control de longitud fija | 00769nam a2200193 a 4500 |
| 001 - NÚMERO DE CONTROL | |
| campo de control | 000040528 |
| 005 - FECHA Y HORA DE LA ÚLTIMA TRANSACCIÓN | |
| campo de control | 20201002034206.0 |
| 008 - DATOS DE LONGITUD FIJA--INFORMACIÓN GENERAL | |
| campo de control de longitud fija | 130830s2008 pr 000 0 spa d |
| 040 ## - FUENTE DE LA CATALOGACIÓN | |
| Centro catalogador/agencia de origen | DO-SdBNP |
| Lengua de catalogación | spa |
| Centro/agencia transcriptor | BNPHU |
| 082 ## - NÚMERO DE LA CLASIFICACIÓN DECIMAL DEWEY | |
| Número de clasificación | xxxx |
| Número de documento/Ítem | xxxx |
| 100 1# - ENTRADA PRINCIPAL--NOMBRE DE PERSONA | |
| Nombre de persona | Cruz Torres, Juan Fernando |
| 9 (RLIN) | 66825 |
| 245 10 - MENCIÓN DE TÍTULO | |
| Título | Actitud : |
| Resto del título | la diferencia entre ser parte del problema o ser parte de la solucion / |
| Mención de responsabilidad, etc. | Juan Fernando Cruz Torres ; prólogo Milagros S. Rivera Watterson. |
| 250 ## - MENCIÓN DE EDICIÓN | |
| Mención de edición | 4a. ed. ampl. |
| 260 ## - PUBLICACIÓN, DISTRIBUCIÓN, ETC. | |
| Lugar de publicación, distribución, etc. | Naguabo, Puerto Rico : |
| Nombre del editor, distribuidor, etc. | Extreme Graphics, |
| Fecha de publicación, distribución, etc. | 2008. |
| 300 ## - DESCRIPCIÓN FÍSICA | |
| Extensión | 273 p. ; |
| Dimensiones | 23 cm. |
| 500 ## - NOTA GENERAL | |
| Nota general | Cómo desarrollar la filosofía de vida que transforma adversidades en oportunidades |
| 590 ## - NOTA LOCAL (RLIN) | |
| Nota local | Inventariado, 2019/BT |
| 700 1# - PUNTO DE ACCESO ADICIONAL--NOMBRE DE PERSONA | |
| Nombre de persona | Rivera Watterson, Milagros S., |
| Término indicativo de función/relación | pról. |
| 9 (RLIN) | 66826 |
| Estado de retiro | Estado de pérdida | Restricciones de uso | No para préstamo | Código de colección | Localización permanente | Ubicación/localización actual | Ubicación en estantería | Fecha de adquisición | Número de inventario | Total de préstamos | Signatura topográfica completa | Código de barras | Fecha visto por última vez | Precio válido a partir de | Tipo de ítem Koha |
|---|---|---|---|---|---|---|---|---|---|---|---|---|---|---|---|
| Excluido de préstamo | Monografías: Libros y Folletos | General | General | Depósito | 30.08.2013 | LF1 | xxxx xxxx | 40528-10 | 25.06.2020 | 25.06.2020 | No se presta |
